[Event "Heusenstamm Schloss op"]
[Site "Heusenstamm"]
[Date "2023.11.26"]
[Round "7"]
[White "Plaumann, Arvin"]
[Black "Billerbeck, Nick"]
[Result "1-0"]
[WhiteElo "1805"]
[BlackElo "1659"]
[PlyCount "59"]
[EventDate "2023.11.23"]
[EventType "swiss"]
[EventRounds "7"]
[EventCountry "GER"]
[SourceTitle "CB50_2023"]
[SourceDate "2023.12.13"]
[SourceVersion "1"]
[SourceVersionDate "2023.12.13"]
[SourceQuality "1"]

1. d4 d5 2. Nf3 Nf6 3. g3 Bf5 4. c4 c6 5. Nc3 e6 6. Nh4 Bg6 7. Nxg6 hxg6 8. Qb3 Qc8 9. Bf4 Nh5 10. Bd2 Nd7 11. e4 dxe4 12. Nxe4 Nhf6 13. Ng5 Bd6 14. Bg2 0-0 15. 0-0 e5 16. dxe5 Nxe5 17. Rfe1 Qc7 18. Re2 Ned7 19. Rae1 Nc5 20. Qc2 a5 21. Bc3 Ncd7 22. Qd2 a4 23. Qd4 Rad8 24. Qh4 Qb8 25. Bh3 Nh5 26. Bg4 Ndf6 27. Bxh5 gxh5 28. Bxf6 gxf6 29. Qxh5 fxg5 30. Qxg5+ 1-0